000 01041nam a2200253 4500
001 8642
003 CO-ViMGA
005 20250919135543.0
008 250919b |||||||| |||| 00| 0 eng d
020 _a9789587577778
040 _aCO-ViMGA
_bspa
_cCO-ViMGA
084 _aN ESC4
100 1 _aEscobar Giraldo, Octavio
_dEscobar Giraldo, Octavio
_965024
245 1 0 _aDespués y antes de Dios /
_cOctavio Escobar Giraldo
300 _a210 páginas
_b19 cm.
490 _aPlan Nacional de Lectura y Escritura Leer es mi Cuento / Ministerio de Cultura
500 _aRecomendado para un público adulto \ Incluye datos biográficos del autor en la solapa \ Obra ganadora del Premio Internacional de Novela Corta Ciudad de Barbastro de 2014 y Premio Nacional de Novela de Ministerio de Cultura de 2017
650 1 4 _aAsesinatos - Novela
_916114
650 1 4 _aAutores Colombianos
_932
650 1 4 _aLiteratura Colombiana
_ySiglo Xx
_9427
650 1 4 _aNovela Colombiana
_ySiglo Xx
_9426
650 1 4 _aViolencia - Novela
_918897
942 _2ddc
_cBK
999 _c8642
_d8642